00935nam a2200241 i 450000100060000000300090000600500170001500700030003200800410003510000320007624501540010825000120026226000350027430000220030949000190033165000560035065000530040670000360045983000270049585200320052299900170055495201220057132592ES-MaACL20250808022120.0t|030131s1970 sp ||||1| spa d1 aBernadac, Christian.92817114aLos médicos malditos b: las experiencias médicas humanas en los campos de concentración / cChristian Bernadac ; [versión, Manuel Castillo]. a1ª ed. aBarcelona : bCaralt, c[1970] a280 p. ; c20 cm.1 aLa vida vivida 7aExperimentación humana en medicina2embne9164657 4aGuerra mundial, 1939-1945-xAtrocidades.91646580 aCastillo Molina, Manuel.93675303aLa vida vivida9180877 aES-MaACLjC-48646 bR.73484 c32592d32592 00104070aATENEOMbATENEOMcDEPO2d2008-01-17eSCl0oC-48646p1033788r2023-02-23 00:00:00w2023-02-23yMONOGRAFIA